The Early history of India, (Record no. 187475)
[ view plain ]
| 000 -LEADER | |
|---|---|
| fixed length control field | 01204 a2200181 4500 |
| 003 - CONTROL NUMBER IDENTIFIER | |
| control field | Nust |
| 005 - DATE AND TIME OF LATEST TRANSACTION | |
| control field | 20170207153513.0 |
| 020 ## - INTERNATIONAL STANDARD BOOK NUMBER | |
| International Standard Book Number | 8189645455 |
| 040 ## - CATALOGING SOURCE | |
| Transcribing agency | Nust |
| 082 ## - DEWEY DECIMAL CLASSIFICATION NUMBER | |
| Classification number | 954 |
| 100 ## - MAIN ENTRY--PERSONAL NAME | |
| Personal name | Smith,V.A |
| 245 ## - TITLE STATEMENT | |
| Title | The Early history of India, |
| Statement of responsibility, etc. | V.A Smith |
| 260 ## - PUBLICATION, DISTRIBUTION, ETC. | |
| Place of publication, distribution, etc. | New Delhi |
| Name of publisher, distributor, etc. | Pragun Pub |
| 300 ## - PHYSICAL DESCRIPTION | |
| Extent | 534;p |
| 505 ## - FORMATTED CONTENTS NOTE | |
| Formatted contents note | Introduction (Page-1) The Dynasties Before Alexander , 600To 326 (page-28) Alexander Indian Campaign (page-52) Alexander Indian Campaign :The Retreat Chronology of the Indian Campaign of Alexander the Great (Page-119) Chandragupta Maurya and Bindusara from 322 to 273 (Page-121) Asoka Maurya (Page-162) Asoka Maurya (Continued) (Page-184) The Suga , Kanva ,and andhra Dynasties (Page-208) The Indo – Greek and Indo-Parthian Dynas-Ties from about 250 B.C.to A.D. 60 (page-238) The Kushan or Indo-Scythian Dynasty (Page-263) The Gupta Empire, and The Western Satraps (Page-295) The Gupta Empire (Continued ) (Page-318) The Reign of Harsha , From A.D. 606 to 647 (Page-348) The Mediaeval Kingdoms of The North (Page-374) The Kingdoms of The Deccan (page-349) The Kingdoms of the South Epilogue (Page-456) |
| 538 ## - SYSTEM DETAILS NOTE | |
| System details note | Almirah No.62 Shelf No.4 |
| 650 ## - SUBJECT ADDED ENTRY--TOPICAL TERM | |
| Topical term or geographic name entry element | history of India |
| 942 ## - ADDED ENTRY ELEMENTS (KOHA) | |
| Source of classification or shelving scheme | |
| Koha item type | Book |
| Withdrawn status | Lost status | Source of classification or shelving scheme | Damaged status | Not for loan | Collection code | Permanent Location | Current Location | Date acquired | Total Checkouts | Full call number | Barcode | Date last seen | Price effective from | Koha item type |
|---|---|---|---|---|---|---|---|---|---|---|---|---|---|---|
| Military College of Signals (MCS) | Military College of Signals (MCS) | 12/12/2016 | 954 SMI | MCS34426 | 12/08/2016 | 12/12/2016 | Book |
